MARC

LEADER 00000nam0a2200000 4500
001 258885
005 20231101233332.0
020 |a RU  |b 88-20276 
035 |a (RuTPU)RU\TPU\book\281775 
090 |a 258885 
100 |a 20140429d1988 m a0rusy5003 ca 
101 0 |a rus 
102 |a RU 
105 |a a z 001zb 
200 1 |a Антун Августинчич  |f Л. С. Алешина 
210 |a Москва  |c Изобразит. искусство  |d 1988 
215 |a 160 с.  |c ил. 
320 |a Библиогр.: с. 154. 
600 1 |a Августинчич  |b А.  |c скульптор  |f 1900-1979  |g Антун  |2 stltpush  |3 (RuTPU)RU\TPU\pers\33047 
606 1 |a Скульпторы  |2 stltpush  |3 (RuTPU)RU\TPU\subj\55078  |9 73150 
610 1 |a хорватская скульптура 
610 1 |a изобразительное искусство 
610 1 |a 20 век 
610 1 |a персоналии 
610 1 |a биографии 
610 1 |a жизнь 
610 1 |a творчество 
675 |a 73.071(092) Августинчич  |z rus 
700 1 |a Алешина  |b Л. С.  |g Лилия Степановна 
801 0 |a RU  |b RuMRKP  |c 19950417  |g psbo 
801 1 |a RU  |b 63413507  |c 20140429 
801 2 |a RU  |b 63413507  |c 20141124  |g RCR 
942 |c BK